Women and child related Laws (Record no. 1310685)

MARC details
000 -LEADER
fixed length control field 00546nam a2200205Ia 4500
005 - DATE AND TIME OF LATEST TRANSACTION
control field 20250505124925.0
008 - FIXED-LENGTH DATA ELEMENTS--GENERAL INFORMATION
fixed length control field 008 250505s9999 xx 000 0 eng d
037 ## - SOURCE OF ACQUISITION
Stock number Reference
040 ## - CATALOGING SOURCE
Original cataloging agency LCO
Language of cataloging eng
Transcribing agency LCO
041 ## - LANGUAGE CODE
Language code of text/sound track or separate title eng
Source of code eng
084 ## - COLON CLASSIFICATION NUMBER
Classification number Y15 R0
Assigning agency LCO
100 ## - MAIN ENTRY--PERSONAL NAME
Personal name Khan, Nuzhat parveen
245 #0 - TITLE STATEMENT
Title Women and child related Laws
Statement of responsibility, etc. Nuzhat Parveen Khan
260 ## - PUBLICATION, DISTRIBUTION, ETC.
Place of publication, distribution, etc. Haryana, India
Name of publisher, distributor, etc. LexisNexis
Date of publication, distribution, etc. 2020
300 ## - PHYSICAL DESCRIPTION
Extent 524
365 ## - TRADE PRICE
Price type code INR
Price amount 650
650 ## - SUBJECT ADDED ENTRY--TOPICAL TERM
Topical term or geographic name entry element Law
942 ## - ADDED ENTRY ELEMENTS (KOHA)
Koha item type Reference
Classification part Y15 R0
Holdings
Withdrawn status Lost status Damaged status Not for loan Home library Current library Date acquired Source of acquisition Cost, normal purchase price Total Checkouts Full call number Barcode Date last seen Price effective from Koha item type
        Law Centre-I Library Law Centre-I Library 2025-05-05 Singhal Publication 650.00   Y15 R0 LO1645545 2025-05-05 2025-05-05 Reference
Copyright @ Delhi University Library System